United States and Contemporary World/ (Record no. 190358)
[ view plain ]
| 000 -LEADER | |
|---|---|
| fixed length control field | 00559nam a22001817a 4500 |
| 005 - DATE AND TIME OF LATEST TRANSACTION | |
| control field | 20220722130815.0 |
| 010 ## - LCCN (DPL NO) | |
| LC control number | ENG-133873 |
| 020 ## - INTERNATIONAL STANDARD BOOK NUMBER | |
| International Standard Book Number | 9788170547150 |
| Terms of availability | 597.00 |
| 035 ## - SYSTEM CONTROL NUMBER | |
| System control number | EN-117405 |
| 037 ## - SOURCE OF ACQUISITION | |
| Source of stock number/acquisition | DBAD/PUB |
| 082 ## - DEWEY DECIMAL CLASSIFICATION NUMBER | |
| Classification number | 327.73 |
| 100 ## - MAIN ENTRY--PERSONAL NAME | |
| Personal name | Datta, Alok |
| 245 ## - TITLE STATEMENT | |
| Title | United States and Contemporary World/ |
| Statement of responsibility, etc | Alok Datta |
| 260 ## - PUBLICATION, DISTRIBUTION, ETC. (IMPRINT) | |
| Place of publication, distribution, etc | New Delhi |
| Name of publisher, distributor, etc | Classical Publishing Company |
| Date of publication, distribution, etc | 2016 |
| 270 ## - ADDRESS | |
| Address | 26, Shopping Centre, Karrampura |
| City | New Delhi |
| Postal code | 110015 |
| 300 ## - PHYSICAL DESCRIPTION | |
| Extent | 422 p. |
| Dimensions | 22cm(pbk) |
| Other physical details | Refernces & Notes |
| 942 ## - ADDED ENTRY ELEMENTS (KOHA) | |
| Source of classification or shelving scheme | Dewey Decimal Classification |
| Item type | English Books |
| Classification part | 327.73 |
| Call number suffix | DAT |
| Withdrawn status | Lost status | Not for loan | Collection code | Home library | Current library | Date acquired | Source of acquisition | Cost, normal purchase price | Full call number | Barcode | Copy number | Cost, replacement price | Koha item type |
|---|---|---|---|---|---|---|---|---|---|---|---|---|---|
| Non-fiction | Bawana | Bawana | 22/07/2022 | DBAD/PUB | 597.00 | 327.73 DAT | EN-117405 | 1 | 597.00 | English Books |
